TV Shows on the Red Carpet Quiz Stats

Quiz Updated Jan 31, 2016

Challenge
Share
Tweet
Score 0/24 Timer 07:00
0 Plays Today
% Correct
Friends
99.1%
The Big Bang Theory
96%
House, M. D.
95.7%
How I Met Your Mother
94.5%
Two and a Half Men
92.8%
Modern Family
92%
Game of Thrones
90.7%
Everybody Loves Raymond
86.6%
Breaking Bad
80%
MythBusters
74.9%
Heroes
72.8%
Mad Men
72.5%
% Correct
The Office
71.7%
Arrested Development
71.1%
Sons of Anarchy
68%
Entourage
66%
Pretty Little Liars
65.5%
Community
62.1%
The Walking Dead
60%
Supernatural
52.8%
Gotham
51.2%
Vampire Diaries
48.9%
Doctor Who
46.8%
Psych
43.3%

You're not logged in!

Compare scores with friends on all Sporcle quizzes.
Sign Up with Email
OR
Log In

You Might Also Like...

Show Comments

Extras

Top Quizzes Today


Score Distribution

Your Account Isn't Verified!

In order to create a playlist on Sporcle, you need to verify the email address you used during registration. Go to your Sporcle Settings to finish the process.

Report this User

Report this user for behavior that violates our Community Guidelines.

Details: